| 000 | 00460 a2200193 4500 | ||
|---|---|---|---|
| 260 | _bINRA; Economica | ||
| 245 | _aAgro-alimentaire: une économie de la qualité | ||
| 300 | _a433p. | ||
| 260 | _aParis | ||
| 260 | _c1995 | ||
| 130 | _lfr. | ||
| 100 | _aNICOLAS, François; VALSESCHINI, Egizio; PAILOTIN, Guy | ||
| 690 | _aagro-alimentaire | ||
| 690 | _aéconomie | ||
| 690 | _aqualité | ||
| 020 | _a2-7380-0570-5 | ||
| 999 |
_c29132 _d29132 |
||